000 00344 a2200157 4500
001 156849
020 _a9788520916766
040 _cEscola São Tomás de Aquino
100 _aMACHADO, Angelo
240 1 0 _aGarganta
_lpor
245 1 0 _aGarganta
300 _a32 p.
362 0 _a2011
697 _a*LITERATURA INFANTO JUVENIL
942 _cBK
999 _c156849
_d156849